000 17295nam a22008057a 4500
005 20090818153444.0
008 090817t xxu||||| |||| 00| 0 hin d
010 _aHIN-87768-69
020 _a9788190572699 (भा-1)
_c300.00
020 _a9788190572682 (भा-2)
_c300.00
035 _aHN-60114-15
035 _aB-367951-990
037 _bDBAD / PUB
037 _bईस्टएण्ड पब्लिकेशन्स
040 _adpl
_bhn
082 _a808.88203
100 _aझारी, कृष्णदेव
_93961
245 _aचुटकला कोश /
_cकृष्णदेव झारी
246 _aChutkala kosh
_bby Krishandev Jhari
260 _aदिल्ली
_bईस्टएण्ड पब्लिकेशन्स
_c2010
270 _a29/502, ईस्ट एण्ड अपार्टमैंट्स, मयूर विहार एक्स्टेंशन फेस-1
_bदिल्ली
_e110096
300 _a2भा,(भा.1-240पृ.; भा.2-240पृ.)
_c22सेमी (सजिल्द)
500 _aदो भागों में प्रकाशित
500 _a भा.1 वर्ष 2010 में प्रकाशित तथा भा.2 2009 मे प्रकाशित
505 _a2भाग (भा.1-चटपटे चुटकले; भा.2-रंग-बिरंगे चुटकले)
942 _2ddc
_cHN
_mझारीकृ
_h808.88203
999 _c29266
_d29266